Humanitarian Charter and Minimum Standards in Disaster Response / (Record no. 125875)

MARC details
000 -LEADER
fixed length control field 00823cam a2200265La 4500
008 - FIXED-LENGTH DATA ELEMENTS--GENERAL INFORMATION
fixed length control field
020 ## - INTERNATIONAL STANDARD BOOK NUMBER
International Standard Book Number 9781908176004 (pbk.)
049 ## - LOCAL HOLDINGS (OCLC)
Holding library MAIN
090 ## - LOCALLY ASSIGNED LC-TYPE CALL NUMBER (OCLC); LOCAL CALL NUMBER (RLIN)
Classification number (OCLC) (R) ; Classification number, CALL (RLIN) (NR) HV553
Local cutter number (OCLC) ; Book number/undivided call number, CALL (RLIN) HUM
003 - CONTROL NUMBER IDENTIFIER
control field
005 - DATE AND TIME OF LATEST TRANSACTION
control field 20230123122004.0
040 ## - CATALOGING SOURCE
Transcribing agency NUST
245 10 - TITLE STATEMENT
Title Humanitarian Charter and Minimum Standards in Disaster Response /
Statement of responsibility, etc. the Sphere Project.
250 ## - EDITION STATEMENT
Edition statement 3rd ed.
260 ## - PUBLICATION, DISTRIBUTION, ETC.
Place of publication, distribution, etc. Geneva :
Name of publisher, distributor, etc. Distributed by Oxfam Pub.,
Date of publication, distribution, etc. 2011.
300 ## - PHYSICAL DESCRIPTION
Extent 393 p. :
Other physical details ill. ;
Dimensions 21 cm. +
Accompanying material 1 CD-ROM (4 3/4 in.)
500 ## - GENERAL NOTE
General note Includes index.
504 ## - BIBLIOGRAPHY, ETC. NOTE
Bibliography, etc. note Includes bibliographical references.
650 #0 - SUBJECT ADDED ENTRY--TOPICAL TERM
Topical term or geographic name entry element Disaster relief.
650 #0 - SUBJECT ADDED ENTRY--TOPICAL TERM
Topical term or geographic name entry element Emergency management.
650 #0 - SUBJECT ADDED ENTRY--TOPICAL TERM
Topical term or geographic name entry element Humanitarian assistance.
700 ## - ADDED ENTRY--PERSONAL NAME
Personal name Sphere Project.
907 ## - LOCAL DATA ELEMENT G, LDG (RLIN)
a .b10328543
b 25-03-13
c 12-03-13
942 ## - ADDED ENTRY ELEMENTS (KOHA)
Koha item type Ordinary Loan Books
Call number prefix HV553
Call number suffix HUM
Holdings
Date last seen Total Checkouts Full call number Barcode Cost, replacement price Price effective from Koha item type Lost status Source of classification or shelving scheme Damaged status Not for loan Collection Withdrawn status Home library Current library Shelving location Date acquired Cost, normal purchase price
01/23/2023 3 HV553 SPH 92004033067 80.00 01/23/2023 BOOKS   LCC     NFIC   MAIN MAIN GEN 01/23/2023 80.00